Costeo del menú en gastronomía (Registro nro. 36467)
[ vista simple ]
| 000 -LEADER | |
|---|---|
| fixed length control field | 01028 a2200229 4500 |
| 001 - CONTROL NUMBER | |
| control field | 63989 |
| 005 - DATE AND TIME OF LATEST TRANSACTION | |
| control field | 20260521160828.0 |
| 008 - FIXED-LENGTH DATA ELEMENTS--GENERAL INFORMATION | |
| fixed length control field | 260521a2006 arg spa d |
| 003 - CONTROL NUMBER IDENTIFIER | |
| control field | AR-UNSa-BCEJYS |
| 040 ## - CATALOGING SOURCE | |
| Original cataloging agency | AR-UNSa-BCEJYS |
| Language of cataloging | spa |
| Transcribing agency | AR-UNSa-BCEJYS |
| 080 ## - UNIVERSAL DECIMAL CLASSIFICATION NUMBER | |
| Universal Decimal Classification number | 657.474.57 |
| Common auxiliary subdivision | Métodos de cálculo. Estimación de costos<br/> |
| 020 ## - INTERNATIONAL STANDARD BOOK NUMBER | |
| International Standard Book Number | 978-987-1140-54-1 |
| 041 ## - LANGUAGE CODE | |
| Language code of text/sound track or separate title | spa |
| 100 1# - MAIN ENTRY--PERSONAL NAME | |
| Personal name | Iacomucci, Norma H. |
| 245 10 - TITLE STATEMENT | |
| Title | Costeo del menú en gastronomía |
| Name of part/section of a work | Análisis y gestión |
| 264 #1 - PRODUCTION, PUBLICATION, DISTRIBUTION, MANUFACTURE, AND COPYRIGHT NOTICE | |
| Place of production, publication, distribution, manufacture | Buenos Aires : |
| Name of producer, publisher, distributor, manufacturer | Osmar D. Buyatti |
| Date of production, publication, distribution, manufacture, or copyright notice | 2006 |
| 300 ## - PHYSICAL DESCRIPTION | |
| Extent | 143 p. |
| Dimensions | 22 cm. |
| 505 ## - FORMATTED CONTENTS NOTE | |
| Formatted contents note | 1. Conceptos básicos e implementación del sistema de costos – 2. Metodología y conceptos básicos de gestión – 3. Informes de gestión y gestión presupuestaria – 4. Descripción general de la actividad – 5. Sistemas de servicios del restaurante – 6. Calculo de costos – 7. Descripción general de la actividad – 8. Calculo de costos – |
| 590 ## - LOCAL NOTE (RLIN) | |
| Local note | niveau_biblio:m niveau_hierar:0 |
| 700 1# - ADDED ENTRY--PERSONAL NAME | |
| Personal name | Royon, Alberto E. |
| 942 ## - ADDED ENTRY ELEMENTS (KOHA) | |
| Koha item type | |
| Withdrawn status | Lost status | Damaged status | Not for loan | Home library | Current library | Shelving location | Date acquired | Total checkouts | Full call number | Barcode | Date last seen | Price effective from | Koha item type |
|---|---|---|---|---|---|---|---|---|---|---|---|---|---|
| Biblioteca Prof. Eusebio Cleto del Rey | Biblioteca Prof. Eusebio Cleto del Rey | 21/05/2026 | 657.474.57 I11 | L116433 | 21/05/2026 | 21/05/2026 | Libro |